000 00302nam a2200097Ia 4500
008 220204s9999 xx 000 0 und d
082 _a338.45:31
_bMON
245 0 _aMonthly statistics of the foreign trade of India, March 1963. V 2. Imports
260 _aDelhi
_bManager of Publications
_c1963
942 _cBK
999 _c20238
_d20238